000
00225nam a2200097Ia 4500
001
1195139
005
20250827021742.0
008
250824s9999 xx 000 0 und d
245
0
_a
CEMİLE
_c
ORHA
260
_b
EVEREST YAYINLARI
999
_c
1195139
_d
1195139